Harry Potter : énigme personnages - Statistiques

Statistiques générales
  • Ce quiz a été pris 1 951 fois
  • Le résultat moyen est 18 sur 26
Statistiques - réponses
Lettre Indice Personnage % Correct
A A est à la fois un animal et un horcruxe Nagini
96%
G G est marié à U Harry Potter
80%
Y Y est la meilleure amie de G Hermione Granger
80%
U U va au bal de 4e année avec K Ginny Weasley
78%
M M est marié à Y Ron Weasley
78%
T T est la mère de G Lily Potter
77%
V V est amoureux de T Severus Rogue
77%
C C est tué par V Albus Dumbledore
76%
K K tue A Neville Londubat
76%
P P désarme C Drago Malefoy
75%
R R est tué par O Bellatrix Lestrange
73%
I I est marié à T James Potter
73%
S S est le père de P Lucius Malefoy
73%
O O est la mère de U Molly Weasley
73%
W W se fait passer pour l'animal de compagnie de M pendant 12 ans Peter Pettigrow
73%
D D est tué par R au Ministère de la Magie Sirius Black
73%
Z Z est tué par G Voldemort
73%
Q Q va au bal de 4e année avec Y Viktor Krum
71%
B B est tué par W Cédric Diggory
68%
J J est le neveu de T Dudley Dursley
65%
E E est la femme de S Narcissa Malefoy
65%
F F est kidnappé par L en 4e année Alastor Maugrey
60%
L L met le nom de G dans la coupe de feu Barty Croupton Jr.
59%
N N est le frère de C Abelforth Dumbledore
53%
H H est le père de L Barty Croupton Sr.
51%
X X est le père de B Amos Diggory
45%
Aucun quiz correspondant
Distribution des résultats
% des personnes avec chaque résultat
Percentile par nombre de réponses
Votre historique - résultats
Vous n’avez pas pris ce quiz